000 00717nam a2200205 a 4500
003 0
005 20250220122146.0
008 111115s19uu xx 00 eng d
050 _aPGS BF 723.S3.M87
_b.M798 2011
100 _aMontoya, Hannah.
245 _aLevel of musicality and self-esteem of students /
_cHannah Montoya.
260 _aLas PiƱas City, Philippines :
_bSouthville International School and Colleges,
_c2011.
300 _a30 pages :
_billustrations ;
_c28 cm.
504 _aIncludes bibliographical references.
650 _aMusical ability in children.
650 _aSelf-esteem in children.
650 _aMusic
_vPsychological aspects.
650 _aMusic in education.
942 _2lcc
_cPASS
999 _c98690
_d98690